[Event "Mistrzostwa Polski Juniorek Młodszych "]
[Site "Suwałki, Poland"]
[Date "2025.04.25"]
[Round "3.1"]
[White "Kaminska, Zuzanna"]
[Black "Goralik, Zuzanna"]
[Result "1/2-1/2"]
[WhiteElo "1899"]
[BlackElo "1615"]
[PlyCount "80"]
[EventDate "2025.??.??"]

1. e4 e6 2. d4 d5 3. Nc3 Nf6 4. e5 Nfd7 5. f4 c5 6. Nf3 Nc6 7. Be3 Be7 8. Qd2 O-O 9. dxc5 Qa5 10. O-O-O b6 11. Bb5 Nb4 12. a3 bxc5 13. Bxd7 Bxd7 14. axb4 cxb4 15. Nb1 Rfc8 16. Nd4 Qa2 17. Qd3 a5 18. Kd2 a4 19. b3 axb3 20. Qxb3 Qa5 21. Ke2 Ba4 22. Qb2 Ra7 23. Nb3 Qb5+ 24. Kf3 Rac7 25. Rd2 Qb7 26. Bd4 h5 27. h4 Qc6 28. g4 Qe8 29. Rg1 Kh8 30. Rdg2 Qg8 31. g5 Qh7 32. g6 fxg6 33. Re1 Bxh4 34. Ree2 Rf7 35. Ke3 Qh6 36. Kd2 Qxf4+ 37. Be3 Qf5 38. Nd4 Qf1 39. Rxg6 Bf2 40. Qxb4 Bxe3+ 1/2-1/2

[Event "Mistrzostwa Polski Juniorek Młodszych "]
[Site "Suwałki, Poland"]
[Date "2025.04.25"]
[Round "3.14"]
[White "Kasprzyszyn, Karolina"]
[Black "Kolosza, Luiza"]
[Result "1-0"]
[WhiteElo "1561"]
[BlackElo "1502"]
[PlyCount "61"]
[EventDate "2025.??.??"]

1. e4 c6 2. d4 d5 3. exd5 cxd5 4. Nf3 Nc6 5. c4 Nf6 6. h3 e6 7. Nc3 Bb4 8. Bg5 O-O 9. Be2 Bd7 10. O-O h6 11. Bh4 a6 12. cxd5 exd5 13. Nxd5 Be7 14. Nxe7+ Qxe7 15. Re1 Qd8 16. Qd2 Be6 17. a3 Bd5 18. Rad1 Qd6 19. Bxf6 Qxf6 20. Ne5 Rad8 21. Ng4 Qg6 22. Bd3 Qd6 23. Bc2 Be6 24. Qd3 f5 25. Ne5 Qxd4 26. Nxc6 Qxd3 27. Bxd3 bxc6 28. Rxe6 c5 29. Rxa6 c4 30. Bxc4+ Kh8 31. Rad6 1-0

[Event "Mistrzostwa Polski Juniorek Młodszych "]
[Site "Suwałki, Poland"]
[Date "2025.04.25"]
[Round "3.20"]
[White "Przygodzka, Emilia"]
[Black "Blaszkiewicz, Elzbieta"]
[Result "1-0"]
[WhiteElo "1489"]
[BlackElo "1538"]
[PlyCount "171"]
[EventDate "2025.??.??"]

1. e4 c6 2. d4 d5 3. exd5 cxd5 4. c4 Nf6 5. Nc3 e6 6. Nf3 h6 7. Bf4 Bd6 8. Bxd6 Qxd6 9. c5 Qd8 10. Be2 O-O 11. O-O a6 12. Ne5 Nbd7 13. f4 Qc7 14. b4 Nxe5 15. fxe5 Nd7 16. Rf3 b6 17. Rg3 f6 18. Qd2 Kh8 19. exf6 Nxf6 20. cxb6 Qxb6 21. a3 Bd7 22. Rf1 Bb5 23. Nxb5 Ne4 24. Rxf8+ Rxf8 25. Qd3 Nxg3 26. hxg3 axb5 27. Qxb5 Qxd4+ 28. Kh2 Qb2 29. a4 Qe5 30. Qd3 Rf2 31. Bf3 Rb2 32. b5 Rb4 33. Qd2 Rxa4 34. Kh3 Rd4 35. Qc1 Rc4 36. Qb1 d4 37. Qb3 Rc3 38. Qa4 Rc8 39. b6 Rb8 40. b7 Qd6 41. Qc2 Qd7 42. Qa2 e5+ 43. g4 d3 44. Qd2 Qd4 45. Qc1 Qd7 46. Qd2 h5 47. Qg5 hxg4+ 48. Bxg4 Qd6 49. Qf5 Qc6 50. Qc8+ Rxc8 51. bxc8=Q+ Qxc8 52. Bxc8 d2 53. Bg4 Kh7 54. Kg3 Kg6 55. Kf2 Kg5 56. Bd1 Kf4 57. g3+ Ke4 58. Ke2 Kd4 59. Kxd2 Ke4 60. Ke2 Kf5 61. Kf3 g6 62. g4+ Kg5 63. Ke4 Kf6 64. Be2 Ke6 65. Bd1 Kf6 66. Kd5 Kg5 67. Kxe5 Kh6 68. Kf6 Kh7 69. g5 Kh8 70. Kxg6 Kg8 71. Bb3+ Kh8 72. Kf7 Kh7 73. g6+ Kh6 74. g7 Kg5 75. g8=Q+ Kf5 76. Qg3 Ke4 77. Qg5 Kd4 78. Ke6 Kc3 79. Qf4 Kxb3 80. Kd5 Kc3 81. Qc4+ Kb2 82. Qd3 Kc1 83. Qe2 Kb1 84. Kc4 Ka1 85. Kb3 Kb1 86. Qb2# 1-0

[Event "Mistrzostwa Polski Juniorek Młodszych "]
[Site "Suwałki, Poland"]
[Date "2025.04.25"]
[Round "3.21"]
[White "Bisek, Marlena"]
[Black "Jankiewicz, Lucja"]
[Result "1-0"]
[WhiteElo "1483"]
[BlackElo "1513"]
[PlyCount "63"]
[EventDate "2025.??.??"]

1. e4 e5 2. Nf3 Nc6 3. Bc4 Bc5 4. c3 Nf6 5. d4 exd4 6. e5 d5 7. Bb5 Ne4 8. cxd4 Bb6 9. Nc3 O-O 10. Be3 Ba5 11. Qc2 Bf5 12. Qb3 a6 13. Bxc6 bxc6 14. O-O Bxc3 15. bxc3 Qe7 16. Rfc1 Bg4 17. Kh1 Rab8 18. Qc2 Qa3 19. Qd3 Rb2 20. Qf1 h6 21. h3 Bh5 22. c4 Rc8 23. c5 Ra8 24. Rd1 Rxa2 25. Rxa2 Qxa2 26. Ra1 Qc2 27. Rxa6 Rxa6 28. Qxa6 Nxf2+ 29. Bxf2 Qxf2 30. Qc8+ Kh7 31. Qf5+ g6 32. Ng5+ 1-0

[Event "Mistrzostwa Polski Juniorek Młodszych "]
[Site "Suwałki, Poland"]
[Date "2025.04.25"]
[Round "3.7"]
[White "Orlowska, Aleksandra"]
[Black "Wrzesinska, Amelia"]
[Result "1-0"]
[WhiteElo "1466"]
[BlackElo "1619"]
[PlyCount "99"]
[EventDate "2025.??.??"]

1. e4 c5 2. Nf3 e6 3. c3 Nf6 4. e5 Nd5 5. d4 cxd4 6. cxd4 d6 7. Bc4 Be7 8. Bxd5 exd5 9. Nc3 Be6 10. O-O O-O 11. Bf4 dxe5 12. Bxe5 Nc6 13. Rc1 Nxe5 14. Nxe5 Bf6 15. Re1 Rc8 16. Qb3 b6 17. Nf3 Rc4 18. Ne2 Qd6 19. Rxc4 dxc4 20. Qe3 Rd8 21. Rd1 Qb4 22. Qc3 Qxc3 23. bxc3 Bd5 24. Nd2 Re8 25. Nf4 Bg5 26. Nxd5 Bxd2 27. h3 Re1+ 28. Rxe1 Bxe1 29. Kf1 Bd2 30. Ke2 Bc1 31. Ne7+ Kf8 32. Nc8 Bb2 33. Kd2 b5 34. Nxa7 b4 35. Nb5 bxc3+ 36. Nxc3 Ba3 37. Nd5 Ke8 38. Kc3 Kd7 39. Kxc4 Kd6 40. Nc3 Kc6 41. Ne4 f5 42. Ng5 h6 43. Ne6 g5 44. Nd8+ Kc7 45. Nf7 Bf8 46. Kd5 Kb6 47. Ke6 f4 48. d5 Ka5 49. d6 Bxd6 50. Nxd6 1-0

[Event "Mistrzostwa Polski Juniorek Młodszych "]
[Site "Suwałki, Poland"]
[Date "2025.04.25"]
[Round "3.15"]
[White "Dabrowska, Eliza"]
[Black "Romanska, Rozalia"]
[Result "1-0"]
[WhiteElo "1522"]
[BlackElo "1401"]
[PlyCount "99"]
[EventDate "2025.??.??"]

1. d4 Nf6 2. c4 e5 3. dxe5 Ng4 4. Nf3 Bc5 5. e3 Nc6 6. Nc3 Ngxe5 7. a3 a6 8. Bd3 Nxd3+ 9. Qxd3 O-O 10. O-O d6 11. Ne4 Bf5 12. Nfd2 Bb6 13. Qe2 h6 14. b4 Qe7 15. Ng3 Bg6 16. Bb2 Ne5 17. e4 Rae8 18. Rfe1 Qe6 19. Kh1 Ng4 20. Rf1 f5 21. f3 Nf2+ 22. Rxf2 Bxf2 23. Qxf2 fxe4 24. Qd4 Qe7 25. Ndxe4 Bxe4 26. Nxe4 Rd8 27. Qd5+ Qf7 28. Qxf7+ Rxf7 29. Rd1 Rfd7 30. h3 c6 31. Bc3 d5 32. Nc5 Re7 33. Rd4 Re3 34. Bb2 b6 35. Na4 b5 36. cxb5 axb5 37. Nc5 Rde8 38. Rg4 g5 39. Nd7 Re1+ 40. Kh2 R8e2 41. Bc3 Rc1 42. Bd4 Kh7 43. h4 Ree1 44. hxg5 h5 45. g6+ Kh6 46. g7 Re8 47. g8=Q Rxg8 48. Rxg8 Rd1 49. Be3+ Kh7 50. Nf6# 1-0

[Event "Mistrzostwa Polski Juniorek Młodszych "]
[Site "Suwałki, Poland"]
[Date "2025.04.25"]
[Round "3.2"]
[White "Biala, Julia"]
[Black "Rzadkowska, Lila"]
[Result "0-1"]
[WhiteElo "1604"]
[BlackElo "1896"]
[PlyCount "142"]
[EventDate "2025.??.??"]

1. d4 Nf6 2. Nf3 d5 3. Bf4 c5 4. c3 Nc6 5. e3 Qb6 6. Qc1 e6 7. Nbd2 Be7 8. Be2 Bd7 9. dxc5 Bxc5 10. b4 Be7 11. a4 Rc8 12. a5 Qd8 13. Qb2 Nh5 14. Bg3 Nxg3 15. hxg3 Bf6 16. e4 Ne5 17. Rc1 Nxf3+ 18. gxf3 Qc7 19. exd5 Bxc3 20. Qb3 exd5 21. Qxd5 O-O 22. Qe4 h6 23. O-O Rfe8 24. Qd3 Bh3 25. Rfd1 Qe5 26. Nc4 Qxe2 27. Qxe2 Rxe2 28. Rxc3 Be6 29. Rd4 b5 30. axb6 axb6 31. b5 Re1+ 32. Kg2 Rb1 33. Na3 Rxc3 34. Nxb1 Rb3 35. Nd2 Rxb5 36. Rd8+ Kh7 37. Rb8 Rb2 38. Ne4 b5 39. g4 b4 40. Nc5 Bc4 41. Rb6 Rb1 42. Ne4 Be6 43. Nc5 Ba2 44. Ne4 b3 45. Ra6 b2 46. Nc3 Ra1 47. Kh2 Bb3 48. Rb6 b1=Q 49. Nxb1 Rxb1 50. Rc6 Bd5 51. Rc3 Rb3 52. Rxb3 Bxb3 53. Kg3 Kg6 54. Kh4 Kf6 55. Kh3 Ke5 56. Kg3 g5 57. f4+ gxf4+ 58. Kh4 f5 59. Kh5 fxg4 60. Kxg4 Ke4 61. Kh5 Kf3 62. Kxh6 Kxf2 63. Kg5 f3 64. Kg4 Ke2 65. Kh3 f2 66. Kh2 f1=Q 67. Kg3 Qf3+ 68. Kh2 Qf4+ 69. Kh3 Be6+ 70. Kg2 Qf2+ 71. Kh1 Bd5# 0-1

[Event "Mistrzostwa Polski Juniorek Młodszych "]
[Site "Suwałki, Poland"]
[Date "2025.04.25"]
[Round "3.8"]
[White "Urban, Hanna"]
[Black "Wawrzyniak, Aleksandra"]
[Result "0-1"]
[WhiteElo "1530"]
[BlackElo "1528"]
[PlyCount "130"]
[EventDate "2025.??.??"]

1. e4 c6 2. d4 d5 3. exd5 cxd5 4. Bd3 Nc6 5. c3 Qc7 6. Be3 Nf6 7. Nd2 Bd7 8. Ngf3 e6 9. O-O Bd6 10. Qc2 h6 11. h3 O-O-O 12. a4 g5 13. g4 Bf4 14. Kg2 Rdg8 15. Rh1 h5 16. Nh2 Bxh2 17. Rxh2 hxg4 18. Rah1 gxh3+ 19. Rxh3 Rxh3 20. Rxh3 e5 21. Bf5 e4 22. Bxd7+ Qxd7 23. b4 Ng4 24. Nb3 b6 25. Bd2 f5 26. c4 Kb7 27. b5 Nb8 28. c5 Qc7 29. c6+ Kc8 30. Qc1 f4 31. Qh1 Nf6 32. Rh8 Qg7 33. Rxg8+ Nxg8 34. Kf1 Qh6 35. Qg2 Qh5 36. Be1 Nf6 37. Kg1 Qg4 38. Qxg4+ Nxg4 39. Kg2 e3 40. fxe3 Nxe3+ 41. Kf3 g4+ 42. Kf2 Nf5 43. Bd2 f3 44. Bf4 a6 45. Bxb8 axb5 46. Be5 bxa4 47. Nc1 Ne7 48. Na2 Nxc6 49. Bf6 Kd7 50. Nc3 Ke6 51. Bg7 Kf7 52. Bh8 a3 53. Kg3 b5 54. Na2 b4 55. Nc1 Na5 56. Be5 b3 57. Bc7 b2 58. Bxa5 bxc1=Q 59. Kh2 Qc2+ 60. Kg3 f2 61. Bd2 Qxd2 62. Kxg4 f1=R 63. Kh3 Qh6+ 64. Kg2 Rf6 65. Kg3 Qg5+ 0-1

[Event "Mistrzostwa Polski Juniorek Młodszych "]
[Site "Suwałki, Poland"]
[Date "2025.04.25"]
[Round "3.9"]
[White "Slusarczyk, Agnieszka"]
[Black "Andrzejewska, Anna"]
[Result "1-0"]
[WhiteElo "1730"]
[BlackElo "1505"]
[PlyCount "57"]
[EventDate "2025.??.??"]

1. d4 c5 2. d5 Nf6 3. Nc3 g6 4. e4 d6 5. f4 Bg7 6. Bb5+ Bd7 7. e5 dxe5 8. fxe5 Ng8 9. Nf3 Bxb5 10. Nxb5 a6 11. Nc3 Qc7 12. Qe2 Nh6 13. d6 Qd8 14. Nd5 O-O 15. dxe7 Qxd5 16. exf8=Q+ Kxf8 17. O-O Nc6 18. Rd1 Qe6 19. Qe3 Qe7 20. c3 Nf5 21. Qf2 Nxe5 22. Nxe5 Qxe5 23. Bf4 Qe8 24. Qxc5+ Kg8 25. Re1 Qd8 26. Rad1 Qh4 27. Qc7 b5 28. g3 Qf6 29. Be5 1-0

[Event "Mistrzostwa Polski Juniorek Młodszych "]
[Site "Suwałki, Poland"]
[Date "2025.04.25"]
[Round "3.22"]
[White "Delikat, Zofia"]
[Black "Oberc, Patrycja"]
[Result "1-0"]
[WhiteElo "1409"]
[BlackElo "1556"]
[PlyCount "75"]
[EventDate "2025.??.??"]

1. e4 c5 2. Nf3 g6 3. c3 Nc6 4. d4 cxd4 5. cxd4 Bg7 6. Nc3 d6 7. h3 Nf6 8. Bd3 O-O 9. O-O Bd7 10. a3 Rc8 11. Be3 Qc7 12. Rc1 e6 13. Bf4 a6 14. d5 Ne7 15. Nb5 Qb6 16. Be3 Rxc1 17. Qxc1 Qa5 18. Nxd6 Rb8 19. Ba7 Ra8 20. Nxb7 Qa4 21. Nc5 Qa5 22. Nxd7 Nxd7 23. dxe6 fxe6 24. Be3 Rc8 25. Qb1 Rb8 26. Bc1 Nc5 27. b4 Nxd3 28. Qxd3 Rd8 29. Qb3 Qb6 30. Be3 Qc6 31. Ng5 Rd6 32. Bc5 Rd7 33. Nxe6 Qxe4 34. Bxe7 Rxe7 35. Ng5+ Kh8 36. Nxe4 Rxe4 37. Rd1 Be5 38. Qf7 1-0

[Event "Mistrzostwa Polski Juniorek Młodszych "]
[Site "Suwałki, Poland"]
[Date "2025.04.25"]
[Round "3.5"]
[White "Krotava, Palina"]
[Black "Saliuk, Maryia"]
[Result "0-1"]
[WhiteElo "1562"]
[BlackElo "1633"]
[PlyCount "64"]
[EventDate "2025.??.??"]

1. e4 e5 2. d4 exd4 3. Qxd4 Nc6 4. Qe3 g6 5. Nc3 Bg7 6. Bd2 d6 7. Bc4 Be6 8. Bd5 Nge7 9. Nge2 Qd7 10. O-O O-O-O 11. a3 Kb8 12. b4 Bxd5 13. exd5 Ne5 14. Ra2 h5 15. f4 Nc4 16. Qd3 Nxd2 17. Qxd2 Nf5 18. a4 Rde8 19. b5 h4 20. h3 Re7 21. a5 Rhe8 22. Rb1 Ng3 23. Nxg3 hxg3 24. b6 cxb6 25. a6 Bd4+ 26. Kh1 Re3 27. Ra3 Qc8 28. axb7 Kxb7 29. Nb5 Qxc2 30. Nxd6+ Kb8 31. Qb4 Qxb1+ 32. Qxb1 Re1+ 0-1

[Event "Mistrzostwa Polski Juniorek Młodszych "]
[Site "Suwałki, Poland"]
[Date "2025.04.25"]
[Round "3.11"]
[White "Wawrzyniak, Weronika"]
[Black "Dabkowska, Michalina"]
[Result "0-1"]
[WhiteElo "1479"]
[BlackElo "1561"]
[PlyCount "52"]
[EventDate "2025.??.??"]

1. e4 e6 2. d4 d5 3. Nc3 Bb4 4. e5 c5 5. Be3 cxd4 6. Bxd4 Nc6 7. Nf3 Nge7 8. Be2 Qc7 9. O-O Nf5 10. Nb5 Qb8 11. c3 Be7 12. Na3 Bxa3 13. bxa3 O-O 14. Qd2 b6 15. Bd3 Nfxd4 16. cxd4 Bd7 17. Qg5 h6 18. Qh4 Qd8 19. Qg3 Qe7 20. Nh4 Nxd4 21. Ng6 fxg6 22. Qxg6 Nf5 23. g4 Be8 24. Qxe8 Rfxe8 25. gxf5 exf5 26. Bxf5 Qg5+ 0-1

[Event "Mistrzostwa Polski Juniorek Młodszych "]
[Site "Suwałki, Poland"]
[Date "2025.04.25"]
[Round "3.19"]
[White "Gawerska, Karolina"]
[Black "Tempich, Wiktoria"]
[Result "1-0"]
[WhiteElo "1504"]
[BlackElo "1589"]
[PlyCount "67"]
[EventDate "2025.??.??"]

1. d4 d5 2. Nf3 Nf6 3. c4 e6 4. g3 b6 5. cxd5 Nxd5 6. Bg2 Bb7 7. O-O g6 8. Nc3 Bg7 9. Qc2 O-O 10. Nxd5 Bxd5 11. Bf4 Bc6 12. Rfd1 f5 13. Ng5 Qd7 14. Bxc6 Nxc6 15. Qc4 Rfe8 16. d5 Na5 17. Qc2 exd5 18. Rac1 Rac8 19. e3 c6 20. b3 h6 21. Nf3 g5 22. Bxg5 hxg5 23. Nxg5 Bf6 24. Nf3 Qe6 25. Qd2 Qe4 26. Nd4 Bxd4 27. exd4 Kf7 28. Re1 Qg4 29. Qh6 Qg6 30. Qf4 Re6 31. Re5 Rce8 32. Rce1 c5 33. Rxf5+ Ke7 34. Qc7# 1-0

[Event "Mistrzostwa Polski Juniorek Młodszych "]
[Site "Suwałki, Poland"]
[Date "2025.04.25"]
[Round "3.6"]
[White "Milek, Maja"]
[Black "Halibozek, Zofia"]
[Result "0-1"]
[WhiteElo "1622"]
[BlackElo "1608"]
[PlyCount "110"]
[EventDate "2025.??.??"]

1. Nf3 Nf6 2. b3 g6 3. Bb2 Bg7 4. e3 d6 5. d4 c6 6. c4 d5 7. Nbd2 Nbd7 8. Be2 O-O 9. O-O e6 10. c5 Qc7 11. b4 b6 12. Bd3 Bb7 13. Qe2 Rfe8 14. a4 a5 15. cxb6 Qxb6 16. b5 c5 17. dxc5 Nxc5 18. Bd4 Nfe4 19. Nb3 Bxd4 20. Nbxd4 e5 21. Nc2 Nxa4 22. Bxe4 Nc3 23. Qd3 Nxe4 24. Rfd1 Rac8 25. Ra3 Nd6 26. Qb3 Nxb5 27. Rb1 Ba6 28. h3 Qc7 29. Nb4 Nxa3 30. Nxa6 Qd6 31. Rd1 Qxa6 32. Qxa3 Qe2 33. Re1 Qb5 34. Ra1 Ra8 35. Qc3 Qb4 36. Qc6 Qc4 37. Nxe5 Qxc6 38. Nxc6 Re6 39. Rxa5 Rxa5 40. Nxa5 f5 41. Kf1 Kf7 42. Nb3 Kf6 43. Nd4 Re8 44. Ke2 f4 45. Kf3 fxe3 46. fxe3 h5 47. g3 g5 48. Nc2 Ke5 49. Nd4 Rf8+ 50. Ke2 g4 51. h4 Ra8 52. Nc6+ Ke4 53. Nb4 Ra3 54. Nc2 Ra2 55. Kd2 Rxc2+ 0-1

[Event "Mistrzostwa Polski Juniorek Młodszych "]
[Site "Suwałki, Poland"]
[Date "2025.04.25"]
[Round "3.4"]
[White "Trzcinska, Weronika"]
[Black "Gruszecka, Alicja"]
[Result "1-0"]
[WhiteElo "1587"]
[BlackElo "1780"]
[PlyCount "169"]
[EventDate "2025.??.??"]

1. e4 e5 2. Nf3 Nc6 3. Nc3 Nf6 4. Bc4 Nxe4 5. Nxe4 d5 6. Bd3 dxe4 7. Bxe4 Bd6 8. Bxc6+ bxc6 9. d3 Bg4 10. h3 Bh5 11. O-O O-O 12. Qe2 Re8 13. Qe3 Qe7 14. Nd2 f5 15. Nb3 Qd7 16. f3 f4 17. Qf2 Bf7 18. Bd2 Qe7 19. Qe2 Qg5 20. Bc3 Be6 21. Kh1 Bd5 22. Qf2 Re6 23. Nc5 Rg6 24. Ne4 Bxe4 25. dxe4 Qe7 26. Rad1 Qe6 27. a3 h6 28. Bb4 Qe7 29. Bxd6 cxd6 30. Rd3 Rd8 31. Rfd1 Qb7 32. b4 Kf7 33. c4 Ke7 34. Qd2 Qc7 35. c5 Re6 36. Qc3 Kf6 37. a4 Rd7 38. b5 cxb5 39. axb5 Qd8 40. Qd2 Ke7 41. Rd5 g5 42. c6 Rc7 43. Ra1 Qb8 44. Ra6 Rc8 45. Qa5 Rc7 46. b6 Rxc6 47. Rxa7+ Kf6 48. b7 Rc1+ 49. Kh2 Rb1 50. Rb5 Rxb5 51. Qxb5 Re7 52. Qb3 Rf7 53. Qd5 Rd7 54. Qb5 Ke7 55. Qb6 Ke6 56. Qb3+ Ke7 57. Ra8 Qxb7 58. Qg8 Kf6 59. Rf8+ Rf7 60. Qh8+ Kg6 61. Qg8+ Kf6 62. Rd8 Qe7 63. Re8 Qd7 64. Rb8 Qe7 65. Qc8 Qd7 66. Qa6 Qc7 67. Rb6 Rd7 68. Qb5 Ke7 69. Rb8 Qc5 70. Qb3 d5 71. Rh8 Qd6 72. Rh7+ Kf8 73. Rh8+ Kg7 74. Ra8 Kf7 75. Ra5 Qe6 76. exd5 Qd6 77. Qc4 Rc7 78. Qe4 Kf6 79. Qd3 Kg7 80. Ra6 Qd7 81. Qg6+ Kh8 82. Qxh6+ Kg8 83. Rg6+ Kf7 84. Rg7+ Ke8 85. Qh8# 1-0

[Event "Mistrzostwa Polski Juniorek Młodszych "]
[Site "Suwałki, Poland"]
[Date "2025.04.25"]
[Round "3.10"]
[White "Junak, Aleksandra"]
[Black "Klincewicz, Katarzyna"]
[Result "0-1"]
[WhiteElo "1507"]
[BlackElo "1587"]
[PlyCount "138"]
[EventDate "2025.??.??"]

1. e4 c5 2. Nf3 e6 3. c4 Nc6 4. Nc3 Nf6 5. d4 cxd4 6. Nxd4 d6 7. Be2 Be7 8. O-O a6 9. h3 Bd7 10. Nc2 Rb8 11. a3 Qc7 12. Ne3 Na7 13. Bd2 b5 14. Qc2 Nc6 15. cxb5 Nd4 16. Qd1 Nxb5 17. Bd3 Bc6 18. Rc1 Qb7 19. Nxb5 Bxb5 20. Bb4 Bxd3 21. Qxd3 Nxe4 22. Nc4 d5 23. Na5 Qb5 24. Qxb5+ Rxb5 25. Rc8+ Bd8 26. Nc6 Kd7 27. Rxd8+ Rxd8 28. Nxd8 Kxd8 29. Rc1 Kd7 30. f3 Nd6 31. Bc3 g6 32. Kf2 Nc4 33. Rc2 Rb3 34. f4 a5 35. Ke2 h5 36. h4 Kd6 37. Kf2 a4 38. Bb4+ Kd7 39. Bc3 Ke7 40. g3 f6 41. Re2 Kf7 42. Bd4 Rd3 43. Be3 Rb3 44. Bd4 Ke7 45. Bc5+ Kd7 46. Bd4 f5 47. Kg2 Rd3 48. Bg1 Kd6 49. Bf2 d4 50. Rc2 Kd5 51. Kg1 Rb3 52. Rc1 Rxb2 53. Rd1 Rd2 54. Ra1 Rd3 55. Rb1 Rb3 56. Rd1 Ne3 57. Ra1 Nc4 58. Rd1 d3 59. Be1 Nxa3 60. Rd2 Ke4 61. Kf1 Nc4 62. Ra2 a3 63. Rh2 Rb2 64. Rxb2 axb2 65. g4 b1=Q 66. g5 Kf3 67. Kg1 Qxe1+ 68. Kh2 Qg3+ 69. Kh1 Qg2# 0-1

[Event "Mistrzostwa Polski Juniorek Młodszych "]
[Site "Suwałki, Poland"]
[Date "2025.04.25"]
[Round "3.17"]
[White "Lesiak, Katarzyna"]
[Black "Kolorz, Julia"]
[Result "0-1"]
[WhiteElo "1458"]
[BlackElo "1531"]
[PlyCount "138"]
[EventDate "2025.??.??"]

1. e4 e5 2. Nf3 Nf6 3. Nxe5 d6 4. Nf3 Nxe4 5. Nc3 Nxc3 6. dxc3 Bf5 7. Be3 Nc6 8. Bb5 Qd7 9. Qd2 a6 10. Ba4 Be7 11. Nd4 b5 12. Nxf5 Qxf5 13. Bb3 Ne5 14. O-O-O Ng4 15. Bd4 O-O 16. h3 Bg5 17. Be3 Nxe3 18. fxe3 Rae8 19. Rhf1 Qxf1 20. Rxf1 Bxe3 21. Qxe3 Rxe3 22. Kd2 Rg3 23. Rf2 g6 24. c4 bxc4 25. Bxc4 a5 26. a4 Kg7 27. Bd5 f6 28. Rf4 Re8 29. Rc4 Re7 30. Rc6 Rge3 31. b3 Re2+ 32. Kc3 R2e5 33. Bf3 Rd7 34. b4 axb4+ 35. Kxb4 Re8 36. a5 Rb8+ 37. Ka4 Ra8 38. Rc4 Ra7 39. Kb5 Rd8 40. a6 Rb8+ 41. Kc6 Rb6+ 42. Kd7 Rbxa6 43. Rxc7 Rxc7+ 44. Kxc7 Kf7 45. c4 Ke7 46. g4 Ra3 47. Bg2 Rc3 48. Kc6 Rxc4+ 49. Kd5 Rc2 50. Bf3 Rh2 51. Ke4 Rxh3 52. Bd1 Ke6 53. Kf4 g5+ 54. Ke4 d5+ 55. Kd4 f5 56. gxf5+ Kxf5 57. Bc2+ Kf4 58. Kxd5 h5 59. Kd4 g4 60. Ba4 g3 61. Bc6 Rh2 62. Kd3 g2 63. Bxg2 Rxg2 64. Kd4 h4 65. Kc5 h3 66. Kb6 h2 67. Ka6 h1=Q 68. Ka5 Rb2 69. Ka6 Qa1# 0-1

[Event "Mistrzostwa Polski Juniorek Młodszych "]
[Site "Suwałki, Poland"]
[Date "2025.04.25"]
[Round "3.3"]
[White "Nguyen, Doan Bao Anh Angeli"]
[Black "Dudek, Julia"]
[Result "1-0"]
[WhiteElo "1880"]
[BlackElo "1552"]
[PlyCount "55"]
[EventDate "2025.??.??"]

1. e4 e5 2. Nf3 Nc6 3. d4 exd4 4. Bc4 Nf6 5. e5 d5 6. Bb5 Ne4 7. Nxd4 Bd7 8. Bxc6 bxc6 9. O-O Bc5 10. f3 Ng5 11. f4 Ne4 12. Be3 O-O 13. Nd2 Nxd2 14. Qxd2 Rb8 15. Nb3 Bxe3+ 16. Qxe3 a6 17. Rae1 Re8 18. f5 f6 19. Qg3 Rxb3 20. axb3 a5 21. exf6 Qxf6 22. Qxc7 Rxe1 23. Rxe1 h6 24. Qxd7 Qd4+ 25. Kh1 Qxb2 26. Qe8+ Kh7 27. Qg6+ Kg8 28. Re8# 1-0

[Event "Mistrzostwa Polski Juniorek Młodszych "]
[Site "Suwałki, Poland"]
[Date "2025.04.25"]
[Round "3.13"]
[White "Holubowska, Zofia"]
[Black "Gorecka, Laura"]
[Result "1/2-1/2"]
[WhiteElo "1545"]
[BlackElo "1473"]
[PlyCount "63"]
[EventDate "2025.??.??"]

1. d4 d5 2. Nf3 Nf6 3. e3 e6 4. Bd3 c5 5. b3 cxd4 6. exd4 Bb4+ 7. c3 Ba5 8. Bb2 O-O 9. O-O Nc6 10. Nbd2 Bd7 11. Ne5 Qc7 12. f4 Bb6 13. Rc1 Nxe5 14. fxe5 Qxe5 15. Kh1 Qd6 16. Qf3 Bc7 17. g3 Bc6 18. Qe2 Ne4 19. Nxe4 dxe4 20. Bxe4 e5 21. Bxc6 Qxc6+ 22. Kg1 Rfe8 23. Qf3 Qxf3 24. Rxf3 e4 25. Re3 f5 26. Rce1 g6 27. Kg2 Rad8 28. R1e2 Bb6 29. Re1 a6 30. Rf1 Ba7 31. h3 b5 32. a3 1/2-1/2